000 00901nam a22002417a 4500
999 _c1731
_d1731
003 AR-CdUCM
008 190227b ||||| |||| 00| 0 spa d
040 _aMUNICIPALIDAD PROVINCIAL DEL CUSCO
_cBIBLIOTECA MUNICIPAL DEL CUSCO
082 _a943 /
_bM68
100 _aModern, Rodolfo E.
_96375
245 _aHistoria de la Literatura Alemana /
260 _aMéxico :
_bFondo de Cultura Económica ;
_c1961.
300 _a350 páginas
_c17cm
440 _aBreviarios
_n159
_96376
505 _aDe los comienzos del siglo IX -- Renacimiento carolingio -- Paréntesis de literatura latina -- Religiosidad y aventura en el siglo XI y XII -- La epica cortesano-caballeresca -- La épica heroica
650 _aÉpica
_96377
650 _aLiteratura
_983
650 _aLírica
_95909
650 _aRomanticismo
_9398
650 _aNaturalismo
_9522
942 _2ddc
_cLIBROS
945 _anom
_d2019-02-27